000 01022nam a22003257a 4500
003 CHAP
005 20220329141556.0
008 971013s1972 r 00010 d
010 _a70385
011 _a71357
035 _a80911
040 _cCHAP
082 _a625.7
_bC3
100 0 0 _aCal y Mayor, Rafael.
_917259
245 _aIngeniería de tránsito
250 _a3 ed.
260 _aMéxico, D. F. :
_bRepresentaciones y Servcios de Ingeniería,
_c1972
300 _a285 p.
_b: ilus
590 _aBATCH-UPD
_b10
_c20130110
_lUCH01
_h0606
590 _aBATCH-UPD
_b10
_c20130111
_lUCH01
_h0003
590 _aBATCH-UPD
_b10
_c20130410
_lUCH01
_h0247
590 _aBATCH-UPD
_b10
_c20130410
_lUCH01
_h1648
590 _aBATCH-UPD
_b10
_c20130914
_lUCH01
_h0813
590 _aCONVERSION
_b10
_c20130109
_lUCH01
_h1339
650 1 4 _aCaminos
_xPlaneación.
_917866
650 1 4 _aComunicación y tráfico.
_926241
901 _aBK
942 _cLIBRO
949 _a625.7 C3
_bBC
_cLIBRO
_d33724002202587
_eLIBRO
_h28701
_i80911
_mD
_si
999 _c70385
_d70385